000 00403nam a2200145Ia 4500
008 151021s9999 xx 000 0 und d
020 _a205086713
050 _aQA 276.12 W75 1986
245 _a_Social science statistics susan Wright E
260 _aBoston Allyn and Bacon 1986
300 _axvii,606p
500 _aIncludes index
650 _a_statistics
980 _a^d20110711 12:10:50^okorir
999 _c7723
_d7723